Economic Teachings of Prophet Muhammad (Record no. 347413)

000 -LEADER
fixed length control field 00398 a2200145 4500
020 ## - INTERNATIONAL STANDARD BOOK NUMBER
International Standard Book Number 9694480817
082 ## - DEWEY DECIMAL CLASSIFICATION NUMBER
Classification number 297.19785
090 ## - LOCALLY ASSIGNED LC-TYPE CALL NUMBER (OCLC); LOCAL CALL NUMBER (RLIN)
-- 4986
-- 4986
100 ## - MAIN ENTRY--PERSONAL NAME
Personal name Khan,Muhammad Akram
245 ## - TITLE STATEMENT
Title Economic Teachings of Prophet Muhammad
Statement of responsibility, etc. Muhammad Akram Khan
260 ## - PUBLICATION, DISTRIBUTION, ETC.
Place of publication, distribution, etc. Islamabad
Name of publisher, distributor, etc. Institute of Policy Studies
Date of publication, distribution, etc. 2005
300 ## - PHYSICAL DESCRIPTION
Extent 439p
500 ## - GENERAL NOTE
General note Paper cover
942 ## - ADDED ENTRY ELEMENTS (KOHA)
Institution code [OBSOLETE] NBS
Koha item type Book
Call number prefix 297.19785 KHA
Holdings
Withdrawn status Lost status Damaged status Not for loan Permanent Location Current Location Shelving location Date acquired Total Checkouts Full call number Barcode Date last seen Date last checked out Price effective from Koha item type
        Central Library (CL) Central Library (CL) First Floor - Islam 08/28/2013 1 297.19785 KHA NBS7089 07/12/2024 12/06/2019 08/28/2013 Book
© 2023 Central Library, National University of Sciences and Technology. All Rights Reserved.